000 00294pam a2200133 a 4500
020 _c
041 _h
082 _aD577
_bREN
100 _aRenfroe.,
_eE.W.,
245 _aEdgewise
_hTextual Documents
260 _aPennsylvania
_blea & Febiger
_c1975
300 _a494:
_c22x2811.
930 _a2312
999 _c41702
_d41702